Loading...
| Current Events | 1 | 10.00 | 100% | 0% | 0% |
| Fine Arts - Classical Music | 4 | 5.00 | 50% | 0% | 0% |
| Fine Arts - Other | 4 | 7.50 | 75% | 0% | 0% |
| Fine Arts - Painting and Sculpture | 3 | 6.67 | 67% | 0% | 0% |
| Geography | 2 | 15.00 | 50% | 50% | 50% |
| History - American | 4 | 12.50 | 100% | 25% | 0% |
| History - European | 5 | 16.00 | 80% | 40% | 40% |
| History - Other | 4 | 15.00 | 100% | 25% | 25% |
| History - World | 3 | 16.67 | 100% | 67% | 0% |
| Literature - American | 5 | 14.00 | 80% | 60% | 0% |
| Literature - British | 2 | 5.00 | 50% | 0% | 0% |
| Literature - European | 3 | 13.33 | 100% | 0% | 33% |
| Literature - World | 5 | 4.00 | 40% | 0% | 0% |
| Mythology | 4 | 22.50 | 100% | 75% | 50% |
| Other Academic | 1 | 10.00 | 100% | 0% | 0% |
| Philosophy | 3 | 10.00 | 67% | 33% | 0% |
| Pop Culture | 1 | 20.00 | 100% | 100% | 0% |
| Religion | 4 | 7.50 | 75% | 0% | 0% |
| Science - Biology | 2 | 15.00 | 100% | 50% | 0% |
| Science - Chemistry | 2 | 5.00 | 50% | 0% | 0% |
| Science - Other | 5 | 10.00 | 100% | 0% | 0% |
| Science - Physics | 6 | 11.67 | 83% | 33% | 0% |
| Social Science | 3 | 13.33 | 100% | 33% | 0% |